Hóa học vô cơ
Sách trình bày lý thuyết đại cương về hoá học, những đơn chất và hợp chất của các nguyên tố điển hình theo thứ tự các nhóm nguyên tố S đến các nhóm nguyên tố P.
Na minha lista:
| Autor principal: | |
|---|---|
| Formato: | Livro |
| Idioma: | Undetermined |
| Publicado em: |
Hà Nội
Giáo dục
1999
|
| Assuntos: | |
| Tags: |
Adicionar Tag
Sem tags, seja o primeiro a adicionar uma tag!
|
| Thư viện lưu trữ: | Trung tâm Học liệu Trường Đại học Cần Thơ |
|---|
| LEADER | 00812nam a2200217Ia 4500 | ||
|---|---|---|---|
| 001 | CTU_37719 | ||
| 008 | 210402s9999 xx 000 0 und d | ||
| 082 | |a 546 | ||
| 082 | |b Nh120/T.2 | ||
| 100 | |a Hoàng, Nhâm | ||
| 245 | 0 | |a Hóa học vô cơ | |
| 245 | 0 | |c Hoàng Nhâm | |
| 260 | |a Hà Nội | ||
| 260 | |b Giáo dục | ||
| 260 | |c 1999 | ||
| 520 | |a Sách trình bày lý thuyết đại cương về hoá học, những đơn chất và hợp chất của các nguyên tố điển hình theo thứ tự các nhóm nguyên tố S đến các nhóm nguyên tố P. | ||
| 526 | |a TT. Hóa vô cơ 1 | ||
| 526 | |b TN173 | ||
| 650 | |a Chemistry, inorganic | ||
| 904 | |i Trọng Hải | ||
| 980 | |a Trung tâm Học liệu Trường Đại học Cần Thơ | ||